[Event "HUN-chT2 Breyer 1617"]
[Site "Hungary"]
[Date "2017.02.26"]
[Round "7.4"]
[White "Horeczky, Tibor"]
[Black "Hargittay, Szabolcs"]
[Result "0-1"]
[WhiteElo "2206"]
[BlackElo "2162"]
[PlyCount "62"]
[EventDate "2016.10.30"]
[EventType "team-tourn"]
[EventRounds "9"]
[EventCountry "HUN"]
[SourceTitle "EXT 2021"]
[Source "ChessBase"]
[SourceDate "2020.10.23"]
[SourceVersion "1"]
[SourceVersionDate "2020.10.23"]
[SourceQuality "1"]
[WhiteTeam "Torokbalint"]
[BlackTeam "Budapest MLTC"]
[WhiteTeamCountry "HUN"]
[BlackTeamCountry "HUN"]

1. e4 c5 2. Nf3 e6 3. d4 cxd4 4. Nxd4 Nf6 5. Nc3 Nc6 6. Ndb5 d6 7. Bf4 e5 8. Bg5 a6 9. Na3 b5 10. Bxf6 gxf6 11. Nd5 Be6 12. c3 Bg7 13. Nc2 f5 14. exf5 Bxf5 15. Nce3 Be6 16. Bd3 0-0 17. Qh5 h6 18. h4 Ne7 19. Nxe7+ Qxe7 20. g4 d5 21. g5 e4 22. gxh6 Bf6 23. Bc2 b4 24. Nxd5 Bxd5 25. Qxd5 bxc3 26. Qxe4 Qxe4+ 27. Bxe4 cxb2 28. Rd1 Rfe8 29. f3 Rad8 30. h7+ Kh8 31. Rxd8 b1Q+ 0-1

[Event "HUN-chT2 Maroczy 1516"]
[Site "Hungary"]
[Date "2015.11.29"]
[Round "3.8"]
[White "Hargittay, Szabolcs"]
[Black "Kokeny, Norbert Adrian"]
[Result "1-0"]
[WhiteElo "2180"]
[BlackElo "2091"]
[PlyCount "85"]
[EventDate "2015.10.18"]
[EventType "team-tourn"]
[EventRounds "9"]
[EventCountry "HUN"]
[SourceTitle "CBM 170 Extra"]
[Source "ChessBase"]
[SourceDate "2016.02.25"]
[SourceVersion "1"]
[SourceVersionDate "2016.02.25"]
[SourceQuality "1"]
[WhiteTeam "MLTC"]
[BlackTeam "Dunaharaszti II"]
[WhiteTeamCountry "HUN"]
[BlackTeamCountry "HUN"]

1. e4 c5 2. Nf3 e6 3. d4 cxd4 4. Nxd4 a6 5. c4 Nf6 6. Nc3 Qc7 7. Be3 Be7 8. Be2 d6 9. 0-0 Nbd7 10. Rc1 b6 11. f3 Bb7 12. Qd2 0-0 13. Rfd1 Rac8 14. b3 Qb8 15. Bf1 Bd8 16. Qf2 Bc7 17. g4 Ne5 18. Be2 Ng6 19. Nc2 Nd7 20. h4 Ne7 21. g5 Rfd8 22. f4 Nc5 23. Bf3 Qa8 24. Qg2 Nf5 25. Bf2 Ne7 26. b4 Nd7 27. Ne3 Nf8 28. h5 Rb8 29. Ng4 d5 30. Nh6+ gxh6 31. gxh6+ Nfg6 32. hxg6 fxg6 33. Qg5 Rf8 34. Qxe7 Rf7 35. Qxe6 Re8 36. Qh3 dxe4 37. Bg4 Bxf4 38. Be6 Bxc1 39. Bxf7+ Kxf7 40. Rxc1 e3 41. Bxe3 Bf3 42. Rf1 Rxe3 43. Nd5 1-0

[Event "HUN-chT2 Charousek 1112"]
[Site "Hungary"]
[Date "2011.11.13"]
[Round "3"]
[White "Pais, Nimrod"]
[Black "Hargittay, Szabolcs"]
[Result "1/2-1/2"]
[WhiteElo "2026"]
[BlackElo "2148"]
[PlyCount "26"]
[EventDate "2011.09.25"]
[EventType "team-tourn"]
[EventRounds "11"]
[EventCountry "HUN"]
[SourceTitle "EXT 2013"]
[Source "ChessBase"]
[SourceDate "2012.11.22"]
[SourceVersion "1"]
[SourceVersionDate "2012.11.22"]
[SourceQuality "1"]
[WhiteTeam "Fehervar"]
[BlackTeam "MLTC II"]
[WhiteTeamCountry "HUN"]
[BlackTeamCountry "HUN"]

1. d4 Nf6 2. Nf3 e6 3. Bg5 h6 4. Bh4 c5 5. Nbd2 cxd4 6. Nxd4 Be7 7. e3 d6 8. c3 a6 9. Be2 0-0 10. 0-0 Qc7 11. Bf3 Nc6 12. Nxc6 bxc6 13. Qc2 e5 1/2-1/2

[Event "HUN-chT2 Maroczy 0910"]
[Site "Hungary"]
[Date "2010.02.14"]
[Round "6"]
[White "Bogdany, Gabor"]
[Black "Hargittay, Szabolcs"]
[Result "0-1"]
[WhiteElo "1995"]
[BlackElo "2175"]
[PlyCount "102"]
[EventDate "2009.11.08"]
[EventType "team-tourn"]
[EventRounds "11"]
[EventCountry "HUN"]
[SourceTitle "EXT 2011"]
[Source "ChessBase"]
[SourceDate "2010.11.26"]
[SourceVersion "1"]
[SourceVersionDate "2010.11.26"]
[SourceQuality "1"]
[WhiteTeam "Oroshaza"]
[BlackTeam "MLTC II"]
[WhiteTeamCountry "HUN"]
[BlackTeamCountry "HUN"]

1. e4 c5 2. Nf3 e6 3. d4 cxd4 4. Nxd4 Nf6 5. Nc3 Nc6 6. Nxc6 bxc6 7. e5 Nd5 8. Nxd5 cxd5 9. Bd3 d6 10. Bf4 Be7 11. Qg4 dxe5 12. Bxe5 Bf6 13. Qd4 Bxe5 14. Qxe5 0-0 15. 0-0 Qb6 16. Rae1 Ba6 17. Re3 Bxd3 18. Rxd3 Rac8 19. Rc1 Rc4 20. Rb3 Qc7 21. Qxc7 Rxc7 22. c3 Rd8 23. f4 f6 24. Re1 Kf7 25. Kf2 Ke7 26. Rb4 Kd6 27. Ke3 e5 28. f5 Rdc8 29. Kd3 Rc4 30. a3 e4+ 31. Ke3 Ke5 32. Rf1 Rxb4 33. axb4 Rd8 34. Ra1 Rd7 35. g4 g6 36. Rf1 d4+ 37. Ke2 dxc3 38. bxc3 Rd3 39. fxg6 hxg6 40. Rc1 f5 41. gxf5 gxf5 42. c4 f4 43. c5 f3+ 44. Ke1 Rd8 45. h4 e3 46. c6 Rg8 47. Kf1 f2 48. Ke2 Rg1 49. Rf1 Ke4 50. Rxf2 exf2 51. Kxf2 Rh1 0-1

[Event "HUN-chT2 Maroczy 0809"]
[Site "Hungary"]
[Date "2008.11.02"]
[Round "2"]
[White "Hargittay, Szabolcs"]
[Black "Barta, Zoltan"]
[Result "1/2-1/2"]
[WhiteElo "2190"]
[BlackElo "2090"]
[PlyCount "27"]
[EventDate "2008.10.26"]
[EventType "team-tourn"]
[EventRounds "11"]
[EventCountry "HUN"]
[SourceTitle "EXT 2010"]
[Source "ChessBase"]
[SourceDate "2010.11.25"]
[SourceVersion "1"]
[SourceVersionDate "2010.11.25"]
[SourceQuality "1"]
[WhiteTeam "MLTC II"]
[BlackTeam "Fuzesabony"]
[WhiteTeamCountry "HUN"]
[BlackTeamCountry "HUN"]

1. e4 c6 2. d4 d5 3. Nc3 dxe4 4. Nxe4 Nd7 5. Nf3 Ngf6 6. Ng3 e6 7. Bd3 Be7 8. 0-0 0-0 9. Re1 Qc7 10. Be3 b6 11. c4 Bb7 12. Rc1 c5 13. Qe2 Rfe8 14. dxc5 1/2-1/2

[Event "HUN-chT2 Erkel 0708"]
[Site "Hungary"]
[Date "2008.03.30"]
[Round "9"]
[White "Hargittay, Szabolcs"]
[Black "Koszegi, Lajos"]
[Result "1/2-1/2"]
[WhiteElo "2184"]
[BlackElo "2066"]
[PlyCount "57"]
[EventDate "2007.10.14"]
[EventType "team"]
[EventRounds "11"]
[EventCountry "HUN"]
[SourceTitle "EXT 2009"]
[Source "ChessBase"]
[SourceDate "2008.11.26"]
[SourceVersion "1"]
[SourceVersionDate "2008.11.26"]
[SourceQuality "1"]
[WhiteTeam "Statisztika II"]
[BlackTeam "Godollo"]
[WhiteTeamCountry "HUN"]
[BlackTeamCountry "HUN"]

1. e4 c5 2. Nf3 d6 3. d4 cxd4 4. Nxd4 Nf6 5. Nc3 g6 6. Be3 Bg7 7. f3 Nc6 8. Qd2 0-0 9. Bc4 Nxd4 10. Bxd4 Qc7 11. Bb3 Be6 12. 0-0-0 Rfc8 13. Kb1 Qa5 14. Bxe6 fxe6 15. Nd5 Qxd2 16. Nxf6+ Bxf6 17. Rxd2 Bxd4 18. Rxd4 Rc5 19. c3 b5 20. Re1 a5 21. e5 d5 22. a4 Rc4 23. axb5 Rxd4 24. cxd4 Rb8 25. Rc1 Rxb5 26. Rc6 Rb4 27. Rxe6 Kf7 28. Ra6 a4 29. Kc2 1/2-1/2

[Event "HUN-chT2 Erkel 0708"]
[Site "Hungary"]
[Date "2008.03.16"]
[Round "8"]
[White "Hargittay, Szabolcs"]
[Black "Kalmar, Karoly"]
[Result "1-0"]
[WhiteElo "2184"]
[BlackElo "2004"]
[PlyCount "101"]
[EventDate "2007.10.14"]
[EventType "team"]
[EventRounds "11"]
[EventCountry "HUN"]
[SourceTitle "EXT 2009"]
[Source "ChessBase"]
[SourceDate "2008.11.26"]
[SourceVersion "1"]
[SourceVersionDate "2008.11.26"]
[SourceQuality "1"]
[WhiteTeam "Statisztika II"]
[BlackTeam "Dunaharaszti II"]
[WhiteTeamCountry "HUN"]
[BlackTeamCountry "HUN"]

1. e4 c5 2. Nf3 e6 3. d4 cxd4 4. Nxd4 a6 5. c4 Nf6 6. Nc3 d6 7. Be3 Be7 8. Be2 0-0 9. 0-0 Nbd7 10. Qd2 Qc7 11. Rac1 b6 12. Rfd1 Bb7 13. f3 Rac8 14. b3 Rfd8 15. Bf1 Qb8 16. Qf2 Bf8 17. g4 Ne5 18. g5 Nfd7 19. Be2 Ng6 20. h4 Ne7 21. f4 g6 22. f5 Nc5 23. fxe6 fxe6 24. Bg4 Rc7 25. Nxe6 Nc6 26. Nxc7 Qxc7 27. Nd5 Qg7 28. Nf6+ Kh8 29. h5 Ne5 30. h6 Qf7 31. Be2 Be7 32. Nd5 Qxf2+ 33. Kxf2 Nxe4+ 34. Kg1 Bxg5 35. Bxg5 Nxg5 36. Nxb6 Nh3+ 37. Kh2 Nf4 38. Bf1 Kg8 39. Nd5 Rf8 40. Nxf4 Rxf4 41. Rxd6 Rf2+ 42. Kg1 Rxa2 43. Bh3 Nf3+ 44. Kf1 Nd2+ 45. Ke1 Nf3+ 46. Kd1 Be4 47. Bg4 Ne5 48. Be2 Kf7 49. c5 Nc6 50. Bc4+ Kf8 51. Rf6+ 1-0

[Event "HUN-chT2 Breyer 0607"]
[Site "Hungary"]
[Date "2006.12.17"]
[Round "4"]
[White "Hargittay, Szabolcs"]
[Black "Kormos, Adam"]
[Result "1-0"]
[WhiteElo "2208"]
[BlackElo "2021"]
[PlyCount "117"]
[EventDate "2006.11.12"]
[EventType "team"]
[EventRounds "11"]
[EventCountry "HUN"]
[SourceTitle "EXT 2008"]
[Source "ChessBase"]
[SourceDate "2007.11.25"]
[SourceVersion "1"]
[SourceVersionDate "2007.11.25"]
[SourceQuality "1"]
[WhiteTeam "Stat PSC II"]
[BlackTeam "BEAC Rufusz II"]
[WhiteTeamCountry "HUN"]
[BlackTeamCountry "HUN"]

1. e4 c6 2. d4 d5 3. Nc3 dxe4 4. Nxe4 Nd7 5. Nf3 Ngf6 6. Bd3 Nxe4 7. Bxe4 Nf6 8. Bd3 g6 9. h3 Qc7 10. 0-0 Bg7 11. Bg5 Be6 12. Re1 0-0 13. Qd2 b5 14. Bf4 Qb7 15. Qe2 Rfe8 16. Be5 Nd7 17. Bxg7 Kxg7 18. Ne5 Nxe5 19. Qxe5+ Kg8 20. h4 Rad8 21. Be4 Bd5 22. h5 Bxe4 23. h6 f6 24. Qe6+ Kf8 25. Qxe4 Qd7 26. c3 Qd5 27. a4 a6 28. axb5 axb5 29. Ra7 Qxe4 30. Rxe4 Rc8 31. Kf1 g5 32. Ke2 Ra8 33. Rxa8 Rxa8 34. Re6 Ra2 35. Rxc6 Rxb2+ 36. Ke3 Rb3 37. Ke4 Rb2 38. Ke3 Rb3 39. Ke4 Rb2 40. Rb6 Rxf2 41. Rxb5 Rxg2 42. c4 g4 43. c5 g3 44. Kf3 Rg1 45. c6 g2 46. d5 Rc1 47. Kxg2 Kf7 48. Rb7 f5 49. Rd7 Kf6 50. c7 Rc3 51. Kf2 Rc4 52. Ke3 Rc2 53. Kd4 Rc1 54. d6 exd6 55. Kd5 Rd1+ 56. Kc6 Rc1+ 57. Kb7 Rb1+ 58. Kc8 Ke6 59. Kd8 1-0

[Event "HUN-chT2 Breyer 0607"]
[Site "Hungary"]
[Date "2006.12.03"]
[Round "3"]
[White "Novak, Attila Robert"]
[Black "Hargittay, Szabolcs"]
[Result "1/2-1/2"]
[WhiteElo "1968"]
[BlackElo "2208"]
[PlyCount "25"]
[EventDate "2006.11.12"]
[EventType "team"]
[EventRounds "11"]
[EventCountry "HUN"]
[SourceTitle "EXT 2008"]
[Source "ChessBase"]
[SourceDate "2007.11.25"]
[SourceVersion "1"]
[SourceVersionDate "2007.11.25"]
[SourceQuality "1"]
[WhiteTeam "Balatonfuered"]
[BlackTeam "Stat PSC II"]
[WhiteTeamCountry "HUN"]
[BlackTeamCountry "HUN"]

1. d4 Nf6 2. c4 e6 3. Nf3 b6 4. Nc3 Bb4 5. Bd2 Bb7 6. e3 0-0 7. Bd3 d6 8. 0-0 Bxc3 9. Bxc3 Ne4 10. Bxe4 Bxe4 11. b3 Nd7 12. Re1 d5 13. Qe2 1/2-1/2

[Event "HUN-chT2 Breyer 0607"]
[Site "Hungary"]
[Date "2006.11.26"]
[Round "2"]
[White "Hargittay, Szabolcs"]
[Black "Angyal, Ferenc"]
[Result "1/2-1/2"]
[WhiteElo "2208"]
[BlackElo "2069"]
[PlyCount "29"]
[EventDate "2006.11.12"]
[EventType "team"]
[EventRounds "11"]
[EventCountry "HUN"]
[SourceTitle "EXT 2008"]
[Source "ChessBase"]
[SourceDate "2007.11.25"]
[SourceVersion "1"]
[SourceVersionDate "2007.11.25"]
[SourceQuality "1"]
[WhiteTeam "Stat PSC II"]
[BlackTeam "Kiraly Sakk"]
[WhiteTeamCountry "HUN"]
[BlackTeamCountry "HUN"]

1. e4 e5 2. Nf3 Nc6 3. Bb5 Bc5 4. 0-0 Qf6 5. Nc3 Nce7 6. Qe2 c6 7. Bc4 d6 8. h3 Ng6 9. d3 Nf4 10. Bxf4 Qxf4 11. Na4 Bb4 12. a3 Ba5 13. b4 Bc7 14. Nc3 Nf6 15. Nd1 1/2-1/2

[Event "HUN-chT2 Erkel 0506"]
[Site "Hungary"]
[Date "2005.12.04"]
[Round "5"]
[White "Hargittay, Szabolcs"]
[Black "Takacs, Lajos"]
[Result "1-0"]
[WhiteElo "2207"]
[BlackElo "2237"]
[PlyCount "69"]
[EventDate "2005.10.16"]
[EventType "team"]
[EventRounds "11"]
[EventCountry "HUN"]
[SourceTitle "EXT 2009"]
[Source "ChessBase"]
[SourceDate "2008.11.26"]
[SourceVersion "1"]
[SourceVersionDate "2008.11.26"]
[SourceQuality "1"]
[WhiteTeam "Stat PSC II"]
[BlackTeam "Ujszasz"]
[WhiteTeamCountry "HUN"]
[BlackTeamCountry "HUN"]

1. e4 d6 2. d4 b6 3. Nc3 Bb7 4. f4 g6 5. Nf3 Bg7 6. Bd3 Nd7 7. 0-0 c5 8. d5 h6 9. Bc4 a6 10. a4 Qc7 11. Qe2 Bd4+ 12. Be3 Bxc3 13. bxc3 Ngf6 14. Qd3 Kf8 15. e5 dxe5 16. fxe5 Nxe5 17. Nxe5 Qxe5 18. Rae1 Qh5 19. d6 Kg7 20. dxe7 Qg4 21. Rf2 Be4 22. Qd6 Bf5 23. Bf4 Nd7 24. h3 Qh4 25. Be5+ f6 26. Qd5 Rhe8 27. Qf7+ Kh8 28. Bd6 h5 29. Be6 Bxe6 30. Qxe6 Qxa4 31. Rxf6 Qxc2 32. Rxg6 Rg8 33. Rxg8+ Rxg8 34. Qxg8+ Kxg8 35. e8Q+ 1-0

[Event "HUN-chT2 9900"]
[Site "Hungary"]
[Date "2000.04.02"]
[Round "11"]
[White "Kulcsar, Tamas"]
[Black "Hargittay, Szabolcs"]
[Result "1/2-1/2"]
[WhiteElo "2210"]
[BlackElo "2205"]
[PlyCount "58"]
[EventDate "1999.09.26"]
[EventType "team"]
[EventRounds "11"]
[EventCountry "HUN"]
[SourceTitle "EXT 2002"]
[Source "ChessBase"]
[SourceDate "2001.11.25"]
[SourceVersion "1"]
[SourceVersionDate "2001.11.25"]
[SourceQuality "1"]

1. d4 Nf6 2. c4 e6 3. Nf3 b6 4. a3 Bb7 5. Nc3 Be7 6. d5 exd5 7. cxd5 d6 8. e4 0-0 9. Bd3 c5 10. 0-0 Nbd7 11. Nd2 Ne5 12. Be2 a6 13. f4 Ng6 14. a4 Ne8 15. Nc4 Bf6 16. Be3 Bxc3 17. bxc3 b5 18. Qb3 Qe7 19. axb5 Qxe4 20. Bf3 Qe7 21. Rfe1 Qd8 22. Na5 axb5 23. Nxb7 Rxa1 24. Rxa1 Qe7 25. Bxc5 dxc5 26. Qxb5 Nxf4 27. Kf2 Qh4+ 28. Kg1 Qe7 29. Kf2 Qh4+ 1/2-1/2

[Event "HUN-chT2 9899"]
[Site "Hungary"]
[Date "1999.??.??"]
[Round "?"]
[White "Csomor, Bea"]
[Black "Hargittay, Szabolcs"]
[Result "1/2-1/2"]
[WhiteElo "2085"]
[BlackElo "2225"]
[PlyCount "22"]
[EventDate "1998.??.??"]
[EventType "team"]
[EventRounds "12"]
[EventCountry "HUN"]
[SourceTitle "EXT 2000"]
[Source "ChessBase"]
[SourceDate "1999.11.16"]
[SourceVersion "1"]
[SourceVersionDate "1999.11.16"]
[SourceQuality "1"]

1. e4 c5 2. Nc3 Nc6 3. g3 g6 4. Bg2 Bg7 5. f4 e6 6. Nf3 d6 7. 0-0 Nge7 8. d3 0-0 9. Be3 Nd4 10. Qd2 Rb8 11. a4 b6 1/2-1/2

[Event "HUN-chT2 9798"]
[Site "Hungary"]
[Date "1997.??.??"]
[Round "?"]
[White "Kalmar, Karoly"]
[Black "Hargittay, Szabolcs"]
[Result "1/2-1/2"]
[WhiteElo "2165"]
[BlackElo "2220"]
[PlyCount "72"]
[EventDate "1997.??.??"]
[EventType "team"]
[EventRounds "11"]
[EventCountry "HUN"]
[SourceTitle "EXT 1999"]
[Source "ChessBase"]
[SourceDate "1998.11.16"]
[SourceVersion "1"]
[SourceVersionDate "1998.11.16"]
[SourceQuality "1"]

1. e4 c5 2. Nf3 e6 3. d4 cxd4 4. Nxd4 Nf6 5. Nc3 Nc6 6. g3 Bb4 7. Bg2 0-0 8. 0-0 a6 9. Nce2 Qc7 10. h3 b5 11. Bg5 Be7 12. f4 Bb7 13. c3 d6 14. Nxc6 Qxc6 15. Nd4 Qc7 16. Qe2 Rac8 17. Rfe1 Rfd8 18. Rad1 Rd7 19. Kh2 Rcd8 20. f5 exf5 21. exf5 Bxg2 22. Qxg2 d5 23. Bxf6 Bxf6 24. a3 h5 25. Kh1 Be5 26. Re3 Bxd4 27. Rxd4 Re7 28. Qe2 Rde8 29. Rxe7 Rxe7 30. Qf2 Qe5 31. Kg2 Qd6 32. Qf3 Re1 33. Rxd5 Qe7 34. Rd2 Re3 35. Rd8+ Qxd8 36. Qxe3 Qd5+ 1/2-1/2

[Event "HUN-chT2"]
[Site "Hungary"]
[Date "1996.??.??"]
[Round "?"]
[White "Heiligermann, Gabor"]
[Black "Hargittay, Szabolcs"]
[Result "1/2-1/2"]
[WhiteElo "2185"]
[BlackElo "2220"]
[PlyCount "117"]
[EventDate "1996.??.??"]
[EventType "team"]
[EventRounds "13"]
[EventCountry "HUN"]
[SourceTitle "EXT 2006"]
[Source "ChessBase"]
[SourceDate "2005.11.24"]
[SourceVersion "1"]
[SourceVersionDate "2005.11.24"]
[SourceQuality "1"]

1. c4 Nf6 2. Nc3 e6 3. e4 d6 4. d4 b6 5. Nf3 Bb7 6. Bg5 h6 7. Bxf6 Qxf6 8. Bd3 Nd7 9. 0-0 g6 10. Nb5 Qd8 11. d5 e5 12. b4 Bg7 13. a4 a5 14. Qc2 axb4 15. Rfb1 0-0 16. Rxb4 Ra5 17. Nd2 Nc5 18. Nb3 Na6 19. Qc3 Nxb4 20. Qxb4 Ra8 21. a5 bxa5 22. Nxa5 Qd7 23. Rb1 c5 24. dxc6 Bxc6 25. Nxc6 Qxc6 26. Nxd6 Rfd8 27. c5 Bf8 28. Bb5 Qc7 29. Rd1 Rab8 30. g3 Bxd6 31. cxd6 Qb6 32. Rd5 Rd7 33. Qa3 Ra7 34. Qb2 Ra5 35. d7 f6 36. Qd2 Qd8 37. Bc4 Ra1+ 38. Kg2 Kg7 39. Rd6 Raa8 40. Qd5 Qe7 41. Ba6 Rd8 42. Bc8 Ra7 43. Qc6 Kf7 44. Qc4+ Kg7 45. Qc6 Kf7 46. Rd5 Kg7 47. Bb7 Qb4 48. Rb5 Qd4 49. Rb6 Rf8 50. Qc7 Rxb7 51. Qxb7 Rf7 52. Qa8 Rxd7 53. Rb8 Qc4 54. Rh8 Qf7 55. Rd8 Ra7 56. Qd5 Rc7 57. Qxf7+ Kxf7 58. Rd6 Ke7 59. Ra6 1/2-1/2